Pohľad na produktivitu a ekonomický rast vo vybraných stredoeurópskych krajinách
Produktivita práce a ľudský kapitál. Ekonomický rast. Vývoj produktivity práce a ekonomického rastu v stredoeurópskych krajinách. Reálna produktivita práce na osobu (2000-2015). Reálna produktivita práce na odpracovanú hodinu (2004-2015). Vývoj priemerných medziročných zmien reálnej produktivity prá...
Guardado en:
| Autor principal: | |
|---|---|
| Formato: | Capítulo de libro |
| Lenguaje: | eslovaco |
| Materias: | |
| Etiquetas: |
Sin Etiquetas, Sea el primero en etiquetar este registro!
|
MARC
| LEADER | 00000nla a2200000 4500 | ||
|---|---|---|---|
| 001 | 0227006 | ||
| 005 | 20240502073736.4 | ||
| 041 | 0 | |a slo | |
| 044 | |a SK | ||
| 245 | 1 | 0 | |a Pohľad na produktivitu a ekonomický rast vo vybraných stredoeurópskych krajinách |c Anna Rozkošová |
| 520 | |a Produktivita práce a ľudský kapitál. Ekonomický rast. Vývoj produktivity práce a ekonomického rastu v stredoeurópskych krajinách. Reálna produktivita práce na osobu (2000-2015). Reálna produktivita práce na odpracovanú hodinu (2004-2015). Vývoj priemerných medziročných zmien reálnej produktivity práce na odpracovanú hodinu a priemerných medziročný zmien HDP na obyvateľa v skupine piatich vybraných krajín stredoeurópskeho regiónu. | ||
| 610 | 2 | 0 | |a produktivita práce |
| 610 | 2 | 0 | |a rast hospodársky |
| 610 | 2 | 0 | |a produkt domáci hrubý |
| 610 | 2 | 0 | |a porovnanie medzinárodné |
| 610 | 2 | 0 | |a Európa |
| 100 | 1 | |a Rozkošová, Anna | |